00923nam a2200253Ia 450000500170000000800410001702000180005808200130007624501160008925000120020530000490021750000460026653400470031265000390035965000330039865000580043194200120048926400300050133600270053133700330055833800280059104000350061999900150065420220317001459.0161108s2008 s o g 000 0 s  a978842534111304a750bM34 a1001 pinturas que hay que ver antes de morircedición dirigida por Stephen Farthing ; prólogo de J.F. Yvars a1a. ed. a960 páginasbfotografías en colorc21 cm aIncluye : glosario, índice de artistas  t1001 paintings you must see before you die142LEMBaPinturasxHistoria y critica142LEMBaPinturas vCátalogos142LEMBaPinturasvLibros ilustradosxHistoria y critica 2ddccBK aBarcelonabGrijalboc2008 atextobtxt2rdacontent asin mediaciónbn2rdamedia avolumenbnc2rdacarrier aCO-BoRNBPbspaerdacCO-BoRNBP c7105d7105